000 00696nam a2200289Ia 4500
005 20260324131341.0
008 008 260324s9999 xx 000 0 eng d
020 _a9780203481936
037 _aEBOOK
040 _aCRL
040 _beng
040 _cCRL
041 _2eng
041 _aeng
084 _qCRL
100 _aValerie Harwood
_91185184
245 0 _aDiagnosing 'Disorderly' Children
245 2 _bA critique of behaviour disorder discourses
260 _bTaylor and Francis
260 _c2006
365 _a
365 _b290
856 _uhttp://www.taylorfrancis.com/books/9780203481936
942 _cEBOOK
999 _c1782243
_d1782243